ARRUPE JESUIT UNIVERSITY

CORONAVIRUS -STOP THE SPREAD - CLEAN,DISINFECT,COVER

Judgment and Justification in EarlyJudaism and the Apostle Paul (Record no. 120999)

MARC details
000 -LEADER
fixed length control field 00827nam a22002057a 4500
008 - FIXED-LENGTH DATA ELEMENTS--GENERAL INFORMATION
fixed length control field 140930b xxu||||| |||| 00| 0 eng d
020 ## - INTERNATIONAL STANDARD BOOK NUMBER
International Standard Book Number 9780801047497
050 ## - LIBRARY OF CONGRESS CALL NUMBER
Classification number BT180.J8V36 2006
100 ## - MAIN ENTRY--PERSONAL NAME
Personal name VanLandingham, Chris
9 (RLIN) 11799
245 ## - TITLE STATEMENT
Title Judgment and Justification in EarlyJudaism and the Apostle Paul
Statement of responsibility, etc Chris VanLandingham
260 ## - PUBLICATION, DISTRIBUTION, ETC. (IMPRINT)
Place of publication, distribution, etc Massachusetts
Name of publisher, distributor, etc Hendrickson Publishers
Date of publication, distribution, etc 2006
300 ## - PHYSICAL DESCRIPTION
Extent xvi, 384p. ;
Dimensions 24cm.
650 ## - SUBJECT ADDED ENTRY--TOPICAL TERM
Topical term or geographic name as entry element Judgment of God
General subdivision history of doctrines
9 (RLIN) 11800
650 ## - SUBJECT ADDED ENTRY--TOPICAL TERM
Topical term or geographic name as entry element Justification
General subdivision history of doctrines
9 (RLIN) 11801
650 ## - SUBJECT ADDED ENTRY--TOPICAL TERM
Topical term or geographic name as entry element Grace (theology)
9 (RLIN) 11802
650 ## - SUBJECT ADDED ENTRY--TOPICAL TERM
Topical term or geographic name as entry element Judaism
General subdivision history
-- post-exilic period
Chronological subdivision 586 B.C.-210 A.D.
9 (RLIN) 11803
650 ## - SUBJECT ADDED ENTRY--TOPICAL TERM
Topical term or geographic name as entry element Paul, the Apostle, Saint
General subdivision theology
9 (RLIN) 11804
650 ## - SUBJECT ADDED ENTRY--TOPICAL TERM
Topical term or geographic name as entry element Bible, N.T. Epistles of Paul
General subdivision Criticism, interpretation, etc.
9 (RLIN) 11805
942 ## - ADDED ENTRY ELEMENTS (KOHA)
Source of classification or shelving scheme Library of Congress Classification
Item type Monograph ( Printed materials)
Holdings
Withdrawn status Lost status Source of classification or shelving scheme Damaged status Not for loan Collection code Home library Current library Shelving location Date acquired Total Checkouts Full call number Barcode Date last seen Price effective from Koha item type
    Library of Congress Classification     Main Collection ARRUPE LIBRARY ARRUPE LIBRARY Main Collection 30/09/2014   BT180.J8V36 2006 46500003876 11/01/2017 30/09/2014 Monograph ( Printed materials)

 

Arrupe Library. PO Box MP320 Mt Pleasant, Harare, Zimbabwe
263 242 745411|librarian@aju.ac.zw